Społeczna genealogia inteligencji polskiej / (Record no. 72188)
[ view plain ]
| 000 -LEADER | |
|---|---|
| fixed length control field | 00755nam a2200181 i 4500 |
| 005 - DATE AND TIME OF LATEST TRANSACTION | |
| control field | 20250217033503.0 |
| 008 - FIXED-LENGTH DATA ELEMENTS--GENERAL INFORMATION | |
| fixed length control field | 071005s1946 pl |000 0 pol |
| 040 ## - CATALOGING SOURCE | |
| Original cataloging agency | WA N |
| Transcribing agency | WA N |
| Language of cataloging | pol |
| 100 1# - MAIN ENTRY--PERSONAL NAME | |
| Personal name | Chałasiński, Józef |
| Dates associated with a name | (1904-1979). |
| 245 10 - TITLE STATEMENT | |
| Title | Społeczna genealogia inteligencji polskiej / |
| Statement of responsibility, etc. | Józef Chałasiński. |
| 260 ## - PUBLICATION, DISTRIBUTION, ETC. | |
| Place of publication, distribution, etc. | [Warszawa] : |
| Name of publisher, distributor, etc. | "Czytelnik", |
| Date of publication, distribution, etc. | 1946. |
| 300 ## - PHYSICAL DESCRIPTION | |
| Extent | 80, [2] s. ; |
| Dimensions | 25 cm. |
| 490 1# - SERIES STATEMENT | |
| Series statement | Prace Polskiego Instytutu Socjologicznego. Studium Problemów Chłopskich i Robotniczych ; |
| Volume/sequential designation | 1. |
| 650 #4 - SUBJECT ADDED ENTRY--TOPICAL TERM | |
| Topical term or geographic name entry element | Inteligencja (socjol.) |
| Geographic subdivision | Polska |
| General subdivision | historia. |
| 710 2# - ADDED ENTRY--CORPORATE NAME | |
| Corporate name or jurisdiction name as entry element | Spółdzielnia Wydawnicza "Czytelnik". |
| Relationship | pbl. |
| 830 #0 - SERIES ADDED ENTRY--UNIFORM TITLE | |
| Uniform title | Prace Polskiego Instytutu Socjologicznego. |
| Name of part/section of a work | Studium Problemów Chłopskich i Robotniczych ; |
| Volume/sequential designation | 1. |
| 942 ## - ADDED ENTRY ELEMENTS (KOHA) | |
| Koha item type | Books |
| Withdrawn status | Lost status | Damaged status | Not for loan | Home library | Current library | Date acquired | Total checkouts | Full call number | Date last seen | Price effective from | Koha item type | Source of classification or shelving scheme | Collection |
|---|---|---|---|---|---|---|---|---|---|---|---|---|---|
| Not for loan | Józef Piłsudski Institute | Józef Piłsudski Institute | 11/05/2013 | E 1296 | 11/05/2013 | 11/05/2013 | Books | ||||||
| Not for loan | Polish Institute of Arts and Sciences | Polish Institute of Arts and Sciences | 10/26/2018 | 945 C | 10/26/2018 | 10/26/2018 | Books | Other/Generic Classification Scheme | Historia Polski. 1918-1939 |


